[Event "Tetraktys Concept Mgmt"]
[Site "Europe Echecs INT"]
[Date "2021.06.06"]
[Round "4"]
[White "Bellahcene, Bilel"]
[Black "Firouzja, Mohammadreza"]
[Result "1-0"]
[WhiteElo "2499"]
[BlackElo "2141"]
[PlyCount "101"]
[EventDate "2021.06.06"]
[EventType "swiss (blitz)"]
[EventRounds "11"]
[EventCountry "FRA"]
[SourceTitle "CBM 202 Extra"]
[Source "ChessBase"]
[SourceDate "2021.07.31"]
[SourceVersion "1"]
[SourceVersionDate "2021.07.31"]
[SourceQuality "1"]

1. e4 e6 2. d4 d5 3. Nc3 Bb4 4. e5 c5 5. Bd2 Ne7 6. Nb5 Bxd2+ 7. Qxd2 0-0 8. dxc5 Nbc6 9. f3 Nxe5 10. f4 N5c6 11. Nf3 Bd7 12. Bd3 h6 13. 0-0 b6 14. cxb6 Qxb6+ 15. Kh1 a6 16. Nbd4 Nxd4 17. Nxd4 Qxb2 18. Rab1 Qa3 19. f5 Nxf5 20. Bxf5 exf5 21. Rb7 Bc8 22. Rc7 Qd6 23. Qc3 Qe5 24. Re1 Qd6 25. Rc6 Qf4 26. g3 Qg4 27. Rc7 Rb8 28. Nc6 d4 29. Qxd4 Bb7 30. Qxg4 fxg4 31. Kg1 Bxc6 32. Rxc6 Rfc8 33. Rxc8+ Rxc8 34. Rc1 Rc3 35. Kf2 Kf8 36. Ke2 Ke7 37. Kd2 Rc5 38. c4 f5 39. Kd3 g5 40. Kd4 Rc8 41. c5 Ke6 42. Re1+ Kf6 43. Kd5 f4 44. c6 h5 45. Kd6 h4 46. Kd7 Rh8 47. c7 f3 48. Re6+ Kf5 49. Re8 Rh7+ 50. Re7 Rh8 51. a4 1-0

[Event "Tetraktys Concept Mgmt"]
[Site "Europe Echecs INT"]
[Date "2021.06.06"]
[Round "5"]
[White "Firouzja, Mohammadreza"]
[Black "Loncke, Matthieu"]
[Result "1-0"]
[WhiteElo "2141"]
[BlackElo "1726"]
[PlyCount "201"]
[EventDate "2021.06.06"]
[EventType "swiss (blitz)"]
[EventRounds "11"]
[EventCountry "FRA"]
[SourceTitle "CBM 202 Extra"]
[Source "ChessBase"]
[SourceDate "2021.07.31"]
[SourceVersion "1"]
[SourceVersionDate "2021.07.31"]
[SourceQuality "1"]

1. e4 c5 2. Nf3 d6 3. Bb5+ Bd7 4. Bxd7+ Qxd7 5. 0-0 Nc6 6. Re1 e6 7. c3 d5 8. e5 d4 9. Na3 Nge7 10. Nc4 Nd5 11. cxd4 cxd4 12. d3 b5 13. Ncd2 Be7 14. Nb3 Nb6 15. Re4 Rd8 16. Nbxd4 a6 17. Nxc6 Qxc6 18. Qe2 Nd5 19. Nd4 Qd7 20. Bd2 Rc8 21. g3 0-0 22. h4 Rfd8 23. h5 Nb6 24. h6 g6 25. Ba5 Qb7 26. Nf3 Rd7 27. Bxb6 Qxb6 28. d4 Rdc7 29. Rd1 Rc1 30. Kg2 Qc6 31. Rxc1 Qxc1 32. d5 exd5 33. Rd4 Qc5 34. Qd3 Rd8 35. b4 Qc6 36. a3 Qe6 37. Rf4 Rc8 38. Qe3 Rc4 39. Nd4 Qd7 40. e6 fxe6 41. Nxe6 Rxf4 42. Nxf4 Bf8 43. Ne2 Qe7 44. Qd4 Qe4+ 45. Qxe4 dxe4 46. Nc3 Bxh6 47. Nxe4 Bc1 48. Nc5 Bxa3 49. Nxa6 Kf7 50. Nc7 Bxb4 51. Nxb5 Be7 52. Nd4 Bf6 53. Nf3 Kg7 54. g4 h5 55. Kg3 hxg4 56. Kxg4 Kf7 57. Ne1 Be7 58. Ng2 Bf6 59. f3 Be7 60. Nf4 Bf6 61. Nd5 Be7 62. Kf4 Bf6 63. Ke4 Bg7 64. Ne3 Bf6 65. Ng4 Bg7 66. Nf2 Bf6 67. Nd3 Bg7 68. Kd5 Bf6 69. Nb4 Be7 70. Nc6 Bf6 71. Kd6 Bc3 72. Kd5 Bf6 73. Na5 Bd8 74. Nc4 Bf6 75. Nd6+ Ke7 76. Ne4 Kf7 77. Kd6 Be7+ 78. Kd7 Bf6 79. Nd6+ Kg7 80. Ke6 Bh4 81. Ne8+ Kh6 82. Nd6 Be1 83. Ne4 Kh5 84. Kf6 Bb4 85. Ng3+ Kh4 86. Ne2 Kh5 87. Nf4+ Kh4 88. Nxg6+ Kg3 89. f4 Kg4 90. f5 Bc3+ 91. Ke6 Kg5 92. Ne5 Kh6 93. f6 Bb4 94. Nc6 Bf8 95. Ne7 Kh7 96. Kf7 Bh6 97. Nf5 Bf4 98. Ke8 Bc1 99. f7 Ba3 100. Ne7 Bxe7 101. Kxe7 1-0

[Event "Tetraktys Concept Mgmt"]
[Site "Europe Echecs INT"]
[Date "2021.06.06"]
[Round "11"]
[White "Firouzja, Mohammadreza"]
[Black "Rouast, Joseph"]
[Result "0-1"]
[WhiteElo "2141"]
[BlackElo "1828"]
[PlyCount "78"]
[EventDate "2021.06.06"]
[EventType "swiss (blitz)"]
[EventRounds "11"]
[EventCountry "FRA"]
[SourceTitle "CBM 202 Extra"]
[Source "ChessBase"]
[SourceDate "2021.07.31"]
[SourceVersion "1"]
[SourceVersionDate "2021.07.31"]
[SourceQuality "1"]

1. e4 c5 2. Nf3 d6 3. Bb5+ Bd7 4. Bxd7+ Qxd7 5. 0-0 Nf6 6. Re1 Nc6 7. c3 e6 8. d4 cxd4 9. cxd4 d5 10. e5 Ne4 11. Nbd2 Nxd2 12. Bxd2 Be7 13. Rc1 0-0 14. Rc3 Rfc8 15. a3 Qd8 16. b4 a6 17. Rd3 Na7 18. h4 Rc6 19. h5 Rac8 20. h6 g6 21. Qe2 a5 22. bxa5 Nb5 23. a4 Na3 24. Rb3 Qc7 25. Qd3 Nc4 26. Reb1 Nxa5 27. Bxa5 Qxa5 28. Rxb7 Bf8 29. Qb5 Qxb5 30. axb5 Rc1+ 31. Rxc1 Rxc1+ 32. Kh2 Bxh6 33. Rb8+ Kg7 34. g3 Rb1 35. Kg2 Bc1 36. Kh3 h5 37. g4 Rb3 38. Kg3 h4+ 39. Kg2 h3+ 0-1

[Event "Europe Echecs Blitz May op"]
[Site "Europe Echecs INT"]
[Date "2021.05.09"]
[Round "10"]
[White "Firouzja, Mohammadreza"]
[Black "Godel, Wenceslas"]
[Result "1-0"]
[WhiteElo "2141"]
[BlackElo "1978"]
[PlyCount "79"]
[EventDate "2021.05.09"]
[EventType "swiss (blitz)"]
[EventRounds "11"]
[EventCountry "FRA"]
[SourceTitle "CBM 202 Extra"]
[Source "ChessBase"]
[SourceDate "2021.07.31"]
[SourceVersion "1"]
[SourceVersionDate "2021.07.31"]
[SourceQuality "1"]

1. e4 c5 2. Nf3 e6 3. d4 cxd4 4. Nxd4 Nc6 5. c4 a6 6. Nc3 Bb4 7. Qd3 d5 8. exd5 exd5 9. Nxc6 bxc6 10. Be2 Ne7 11. 0-0 d4 12. Rd1 c5 13. Bf3 Ra7 14. Bg5 0-0 15. Ne4 Bf5 16. a3 Ba5 17. Qe2 f6 18. Bf4 Bc7 19. Bxc7 Rxc7 20. b4 Bxe4 21. Bxe4 Ng6 22. Bxg6 hxg6 23. Qe6+ Rff7 24. Qxa6 cxb4 25. axb4 Rfd7 26. c5 d3 27. Qc4+ Kf8 28. Qe4 Kf7 29. Ra8 Qe7 30. Qc4+ Qe6 31. Rf8+ Kxf8 32. Qxe6 Re7 33. Qd6 Rcd7 34. Qb8+ Kf7 35. c6 d2 36. Kf1 Rc7 37. b5 Ra7 38. g3 Ra2 39. c7 Rc2 40. c8Q 1-0

[Event "Europe Echecs Blitz May op"]
[Site "Europe Echecs INT"]
[Date "2021.05.09"]
[Round "1"]
[White "Firouzja, Mohammadreza"]
[Black "Texier, Cesar"]
[Result "0-1"]
[WhiteElo "2141"]
[BlackElo "1458"]
[PlyCount "148"]
[EventDate "2021.05.09"]
[EventType "swiss (blitz)"]
[EventRounds "11"]
[EventCountry "FRA"]
[SourceTitle "CBM 202 Extra"]
[Source "ChessBase"]
[SourceDate "2021.07.31"]
[SourceVersion "1"]
[SourceVersionDate "2021.07.31"]
[SourceQuality "1"]

1. e4 c5 2. Nf3 d6 3. Bb5+ Bd7 4. Bxd7+ Qxd7 5. 0-0 Nf6 6. Re1 Nc6 7. c3 g6 8. d4 Bg7 9. d5 Ne5 10. Nxe5 dxe5 11. c4 0-0 12. Nc3 Ne8 13. Be3 b6 14. a4 Nd6 15. b3 f5 16. f3 f4 17. Bf2 g5 18. a5 h5 19. h3 Rfc8 20. Qd2 Kh7 21. Na4 Qc7 22. Rec1 Nb7 23. b4 Bf8 24. a6 Nd6 25. bxc5 bxc5 26. Nxc5 g4 27. hxg4 hxg4 28. Ne6 Qd7 29. c5 Nb5 30. fxg4 Bh6 31. g5 Bg7 32. Qe2 Qe8 33. Qg4 Qg6 34. Rab1 Nc7 35. Nxg7 Kxg7 36. d6 exd6 37. cxd6 Qxd6 38. Rd1 Qe6 39. Rd7+ Kg6 40. Qxe6+ Nxe6 41. Rd6 Re8 42. Rb7 Rad8 43. Rxd8 Rxd8 44. Rxa7 Kxg5 45. Re7 Kf6 46. Rb7 Ng5 47. a7 Nxe4 48. Rb8 Rd1+ 49. Kh2 Nxf2 50. g4 Ra1 51. g5+ Kxg5 52. a8Q Rxa8 53. Rxa8 Kf5 54. Rf8+ Ke4 55. Kg2 Nd3 56. Kf1 Nb2 57. Rb8 Nc4 58. Ke2 Ne3 59. Rb4+ Kf5 60. Kf3 Nd5 61. Ra4 Nf6 62. Ra5 Ke6 63. Kf2 Kf5 64. Kf3 Nh7 65. Ra8 Ng5+ 66. Kf2 Kg4 67. Rg8 e4 68. Kg2 e3 69. Ra8 f3+ 70. Kg1 Kg3 71. Rg8 Kf4 72. Kh2 e2 73. Re8 Ne4 74. Rf8+ Ke3 0-1

[Event "Europe Echecs Blitz May op"]
[Site "Europe Echecs INT"]
[Date "2021.05.09"]
[Round "7"]
[White "Firouzja, Mohammadreza"]
[Black "Velten, Paul"]
[Result "1-0"]
[WhiteElo "2141"]
[BlackElo "2482"]
[PlyCount "41"]
[EventDate "2021.05.09"]
[EventType "swiss (blitz)"]
[EventRounds "11"]
[EventCountry "FRA"]
[SourceTitle "CBM 202 Extra"]
[Source "ChessBase"]
[SourceDate "2021.07.31"]
[SourceVersion "1"]
[SourceVersionDate "2021.07.31"]
[SourceQuality "1"]

1. e4 c6 2. d4 d6 3. Nc3 b5 4. f4 Nf6 5. Bd3 g6 6. Nf3 b4 7. Ne2 Bg7 8. 0-0 a5 9. e5 Nd5 10. Ng3 0-0 11. f5 dxe5 12. dxe5 Qb6+ 13. Kh1 Ne3 14. Bxe3 Qxe3 15. Re1 Qh6 16. Re4 Ba6 17. Qe2 g5 18. f6 exf6 19. Nf5 Qh5 20. g4 Qh3 21. Ng1 1-0

[Event "Cappelle Online Bullet op"]
[Site "Europe Echecs INT"]
[Date "2021.03.05"]
[Round "9"]
[White "Firouzja, Mohammadreza"]
[Black "Vine, Thibault"]
[Result "1-0"]
[WhiteElo "2141"]
[BlackElo "1850"]
[PlyCount "45"]
[EventDate "2021.03.05"]
[EventType "swiss (blitz)"]
[EventRounds "15"]
[EventCountry "FRA"]
[SourceTitle "EXT 2022"]
[Source "ChessBase"]
[SourceDate "2021.10.06"]
[SourceVersion "1"]
[SourceVersionDate "2021.10.06"]
[SourceQuality "1"]

1. e4 c6 2. d4 d5 3. Nc3 dxe4 4. Nxe4 Nf6 5. Nxf6+ exf6 6. c3 Be7 7. Bd3 0-0 8. Qc2 g6 9. Ne2 f5 10. h4 h5 11. g4 Bxh4 12. gxh5 gxh5 13. Bh6 Re8 14. 0-0-0 Bg5+ 15. Bxg5 Qxg5+ 16. f4 Qh6 17. Rdg1+ Kh8 18. Rg5 h4 19. Ng1 f6 20. Rg2 Re3 21. Qf2 Rxd3 22. Rxh4 Rh3 23. Nxh3 1-0

[Event "C'Chartres Blitz op"]
[Site "Europe Echecs INT"]
[Date "2020.11.28"]
[Round "2"]
[White "Bauer, Christian"]
[Black "Firouzja, Mohammadreza"]
[Result "1-0"]
[WhiteElo "2639"]
[BlackElo "2141"]
[PlyCount "51"]
[EventDate "2020.11.28"]
[EventType "swiss (blitz)"]
[EventRounds "11"]
[EventCountry "FRA"]
[SourceTitle "CBM 199 Extra"]
[Source "ChessBase"]
[SourceDate "2021.01.31"]
[SourceVersion "1"]
[SourceVersionDate "2021.01.31"]
[SourceQuality "1"]

1. d4 Nf6 2. Bf4 d5 3. e3 e6 4. Nf3 Bd6 5. Bg3 c5 6. dxc5 Bxc5 7. Nbd2 Nc6 8. c3 0-0 9. Bd3 Qe7 10. 0-0 e5 11. e4 dxe4 12. Nxe4 Nxe4 13. Bxe4 Bg4 14. Qc2 Bxf3 15. Bxf3 Rad8 16. Rfe1 f6 17. b4 Bb6 18. Be4 g6 19. a4 Rc8 20. a5 Bc7 21. a6 Bb8 22. axb7 Qxb7 23. Qb3+ Kg7 24. b5 Qb6 25. Bxc6 Rxc6 26. Ra6 1-0

[Event "C'Chartres Blitz op"]
[Site "Europe Echecs INT"]
[Date "2020.11.28"]
[Round "5"]
[White "Buksa, Nataliya"]
[Black "Firouzja, Mohammadreza"]
[Result "1-0"]
[WhiteElo "2410"]
[BlackElo "2141"]
[PlyCount "57"]
[EventDate "2020.11.28"]
[EventType "swiss (blitz)"]
[EventRounds "11"]
[EventCountry "FRA"]
[SourceTitle "CBM 199 Extra"]
[Source "ChessBase"]
[SourceDate "2021.01.31"]
[SourceVersion "1"]
[SourceVersionDate "2021.01.31"]
[SourceQuality "1"]

1. d4 Nf6 2. Nc3 d5 3. Bf4 a6 4. e3 e6 5. Nf3 c5 6. dxc5 Bxc5 7. Bd3 Nc6 8. 0-0 0-0 9. e4 d4 10. Ne2 Nh5 11. e5 Nxf4 12. Nxf4 h6 13. Qe2 f5 14. exf6 Qxf6 15. Ng6 Re8 16. Nge5 Nxe5 17. Nxe5 Bd6 18. f4 Bxe5 19. fxe5 Qh4 20. g3 Qg5 21. Rf4 Rf8 22. Rxf8+ Kxf8 23. Qf2+ Kg8 24. Qxd4 h5 25. Rf1 h4 26. Qe4 g6 27. Qf3 hxg3 28. Qf8+ Kh7 29. Rf7# 1-0

[Event "C'Chartres Blitz op"]
[Site "Europe Echecs INT"]
[Date "2020.11.28"]
[Round "11"]
[White "Moriniaux, Colin"]
[Black "Firouzja, Mohammadreza"]
[Result "1/2-1/2"]
[WhiteElo "1973"]
[BlackElo "2141"]
[PlyCount "82"]
[EventDate "2020.11.28"]
[EventType "swiss (blitz)"]
[EventRounds "11"]
[EventCountry "FRA"]
[SourceTitle "CBM 199 Extra"]
[Source "ChessBase"]
[SourceDate "2021.01.31"]
[SourceVersion "1"]
[SourceVersionDate "2021.01.31"]
[SourceQuality "1"]

1. d4 Nf6 2. c4 e6 3. Nc3 Bb4 4. e3 0-0 5. a3 Bxc3+ 6. bxc3 c5 7. Bd3 b6 8. Ne2 Nc6 9. 0-0 Ba6 10. Ng3 Na5 11. e4 Bxc4 12. Bxc4 Nxc4 13. Qa4 Na5 14. Bg5 h6 15. Bxf6 Qxf6 16. dxc5 Qxc3 17. Rac1 Qb3 18. Qxd7 Rfd8 19. Qc7 Rdc8 20. Qe5 Nc6 21. Qh5 Qxa3 22. cxb6 axb6 23. Qb5 Qa5 24. Qe2 Qg5 25. f4 Qe7 26. Kh1 Nd4 27. Rxc8+ Rxc8 28. Qg4 Kh7 29. Nh5 g6 30. Ng3 b5 31. f5 Qg5 32. fxg6+ Kxg6 33. Qd1 e5 34. Qa1 Rc2 35. Qa6+ Kg7 36. Qb7 Rc1 37. Qxf7+ Kh8 38. Qf8+ Kh7 39. Qf7+ Kh8 40. Qf8+ Kh7 41. Qf7+ Kh8 1/2-1/2

[Event "FRA-ch Blitz Online Qual"]
[Site "Europe Echecs INT"]
[Date "2020.05.16"]
[Round "15"]
[White "Debray, Christopher"]
[Black "Firouzja, Mohammadreza"]
[Result "1/2-1/2"]
[WhiteElo "2376"]
[BlackElo "2135"]
[PlyCount "213"]
[EventDate "2020.05.16"]
[EventType "swiss (blitz)"]
[EventRounds "15"]
[EventCountry "FRA"]
[SourceTitle "CBM 196 Extra"]
[Source "ChessBase"]
[SourceDate "2020.07.31"]
[SourceVersion "1"]
[SourceVersionDate "2020.07.31"]
[SourceQuality "1"]

1. e4 e6 2. d4 d5 3. Nc3 Bb4 4. Nge2 dxe4 5. a3 Bxc3+ 6. Nxc3 Nc6 7. d5 exd5 8. Qxd5 Be6 9. Qxe4 Nf6 10. Qh4 Bf5 11. Bb5 0-0 12. Bxc6 bxc6 13. 0-0 Bxc2 14. Bg5 h6 15. Bxf6 Qxf6 16. Qxf6 gxf6 17. Rac1 Bb3 18. Ne4 Kg7 19. Rc3 f5 20. Ng3 Be6 21. Rxc6 Rfb8 22. b4 a5 23. Rxc7 axb4 24. axb4 Rxb4 25. Rfc1 Ra2 26. R7c2 Rxc2 27. Rxc2 Rb1+ 28. Nf1 Bb3 29. Rc3 Ba4 30. f4 Bd1 31. Kf2 Rb2+ 32. Kg3 Bb3 33. Ne3 Be6 34. Kf3 Kf6 35. h3 h5 36. g3 Rh2 37. h4 Ra2 38. Rd3 Rb2 39. Nd5+ Kg6 40. Ke3 Kg7 41. Kd4 Re2 42. Ne3 Kf6 43. Rc3 Re1 44. Nd5+ Kg7 45. Nc7 Re4+ 46. Kc5 Kf6 47. Kd6 Re1 48. Ne8+ Kg6 49. Nc7 Kf6 50. Rd3 Ra1 51. Ne8+ Kg6 52. Nc7 Kf6 53. Re3 Rd1+ 54. Kc6 Rc1+ 55. Kb6 Rb1+ 56. Ka5 Ra1+ 57. Kb4 Rb1+ 58. Ka3 Ra1+ 59. Kb2 Ra2+ 60. Kc1 Rg2 61. Kd1 Ra2 62. Ke1 Ke7 63. Nxe6 fxe6 64. Re2 Ra1+ 65. Kf2 Ra3 66. Rb2 Kf6 67. Re2 Rb3 68. Re3 Rb2+ 69. Kf3 Rb1 70. Rc3 Rf1+ 71. Kg2 Ra1 72. Rc8 Ra2+ 73. Kh3 Ra3 74. Rg8 Ra7 75. Rg5 Rh7 76. Kg2 e5 77. Kf3 e4+ 78. Ke3 Rg7 79. Kd4 Rd7+ 80. Kc5 Rd3 81. Kc4 Rf3 82. Kd4 Rd3+ 83. Kc4 Rd1 84. Rg8 e3 85. Re8 Re1 86. Kd3 Rd1+ 87. Ke2 Rg1 88. Rxe3 Rg2+ 89. Kf3 Ra2 90. Re8 Ra3+ 91. Kg2 Ra2+ 92. Kh3 Ra7 93. Rg8 Rh7 94. Rg5 Rh8 95. Kg2 Rh7 96. Kf3 Rh8 97. Ke3 Rh7 98. Kd4 Rh8 99. Kd5 Rh7 100. Kd6 Rh8 101. Kd7 Rh7+ 102. Ke8 Rh8+ 103. Kd7 Rh7+ 104. Kd6 Rh8 105. Kd5 Rd8+ 106. Kc6 Rh8 107. Kd6 1/2-1/2

[Event "FRA-ch Blitz Online Qual"]
[Site "Europe Echecs INT"]
[Date "2020.05.16"]
[Round "12"]
[White "Firouzja, Mohammadreza"]
[Black "Gordon, James"]
[Result "1-0"]
[WhiteElo "2135"]
[BlackElo "1775"]
[PlyCount "105"]
[EventDate "2020.05.16"]
[EventType "swiss (blitz)"]
[EventRounds "15"]
[EventCountry "FRA"]
[SourceTitle "CBM 196 Extra"]
[Source "ChessBase"]
[SourceDate "2020.07.31"]
[SourceVersion "1"]
[SourceVersionDate "2020.07.31"]
[SourceQuality "1"]

1. e4 d6 2. d4 Nf6 3. Nc3 Nbd7 4. f4 e5 5. Nf3 exd4 6. Qxd4 c6 7. Be3 d5 8. e5 Ng4 9. Bg1 Qb6 10. Qd2 Bc5 11. Na4 Bb4 12. c3 Qa5 13. cxb4 Qxa4 14. Bd4 b5 15. b3 Qa6 16. a4 Qb7 17. h3 Nh6 18. e6 Nf6 19. f5 Nxf5 20. Qg5 Nxd4 21. Nxd4 Qe7 22. 0-0-0 Qxb4 23. Qxg7 Qa3+ 24. Kb1 Rf8 25. Qxf6 Qe7 26. Qxe7+ Kxe7 27. Nxc6+ Kd6 28. e7 Re8 29. Bxb5 Bd7 30. Nd4 a6 31. Bxd7 Kxd7 32. Nf5 Ke6 33. g4 Kf6 34. Rxd5 Rab8 35. Kb2 Rb4 36. Rf1 Kg6 37. Rd8 Rb8 38. Rxb8 Rxb8 39. Nd6 a5 40. e8Q Rxe8 41. Nxe8 Kg5 42. Rxf7 Kg6 43. Rf5 h5 44. Rxh5 Kf7 45. Rxa5 Kxe8 46. Rb5 Kd7 47. a5 Ke8 48. a6 Kf7 49. a7 Ke7 50. a8Q Kd7 51. Qa6 Kc7 52. Rb7+ Kc8 53. Qa8# 1-0

[Event "FRA-ch Blitz Online Qual"]
[Site "Europe Echecs INT"]
[Date "2020.05.16"]
[Round "3"]
[White "Loiseau, Quentin"]
[Black "Firouzja, Mohammadreza"]
[Result "1-0"]
[WhiteElo "2457"]
[BlackElo "2135"]
[PlyCount "77"]
[EventDate "2020.05.16"]
[EventType "swiss (blitz)"]
[EventRounds "15"]
[EventCountry "FRA"]
[SourceTitle "CBM 196 Extra"]
[Source "ChessBase"]
[SourceDate "2020.07.31"]
[SourceVersion "1"]
[SourceVersionDate "2020.07.31"]
[SourceQuality "1"]

1. Nf3 Nf6 2. c4 e6 3. g3 b6 4. Bg2 Bb7 5. 0-0 c5 6. Nc3 Be7 7. Re1 0-0 8. e4 d6 9. d4 cxd4 10. Nxd4 Qc8 11. Be3 Nbd7 12. Rc1 a6 13. h3 Nc5 14. Qc2 Qc7 15. g4 g6 16. b3 Rac8 17. Nde2 h5 18. f3 hxg4 19. hxg4 Kg7 20. Qb2 Nd3 21. Qa1 Nxc1 22. Rxc1 Kg8 23. Kf2 Nd7 24. g5 e5 25. Rh1 Kg7 26. Ng3 Rh8 27. Rd1 Nc5 28. f4 Rcd8 29. Nd5 Bxd5 30. exd5 Nd7 31. f5 f6 32. fxg6 Kxg6 33. Be4+ Kf7 34. g6+ Kg8 35. Rh1 Nf8 36. Bf5 Rxh1 37. Qxh1 b5 38. Be6+ Kg7 39. Qh6# 1-0

[Event "FRA-ch Blitz Online Qual"]
[Site "Europe Echecs INT"]
[Date "2020.05.16"]
[Round "1"]
[White "Sayah Hobon, Noah"]
[Black "Firouzja, Mohammadreza"]
[Result "0-1"]
[WhiteElo "1364"]
[BlackElo "2135"]
[PlyCount "88"]
[EventDate "2020.05.16"]
[EventType "swiss (blitz)"]
[EventRounds "15"]
[EventCountry "FRA"]
[SourceTitle "CBM 196 Extra"]
[Source "ChessBase"]
[SourceDate "2020.07.31"]
[SourceVersion "1"]
[SourceVersionDate "2020.07.31"]
[SourceQuality "1"]

1. e4 e6 2. d4 d5 3. exd5 exd5 4. Nf3 Nc6 5. Bd3 Bd6 6. 0-0 Nge7 7. c3 Bg4 8. h3 Bh5 9. Bg5 Qd7 10. Nbd2 f6 11. Bh4 0-0-0 12. Bb5 Nf5 13. Bxc6 Qxc6 14. Qc2 Qd7 15. Rfe1 g5 16. Bg3 Nxg3 17. fxg3 Bxg3 18. Re2 Rde8 19. Rxe8+ Rxe8 20. Rf1 Re2 21. Qd1 Qe6 22. Kh1 Qe3 23. Rg1 g4 24. Nf1 gxf3 25. Nxe3 Rxe3 26. Qd2 fxg2+ 27. Rxg2 Re1+ 28. Qxe1 Bxe1 29. Rg8+ Kd7 30. Rg7+ Kd6 31. Rxh7 Bg6 32. Rh6 Be4+ 33. Kg1 Ke6 34. Rh8 f5 35. h4 f4 36. Rh5 f3 37. Re5+ Kf6 38. Kf1 Bxh4 39. b3 Bd3+ 40. Kg1 f2+ 41. Kh2 f1Q 42. Re6+ Kxe6 43. c4 Qf2+ 44. Kh1 Be4# 0-1

[Event "Europe Echecs online op March"]
[Site "Europe Echecs INT"]
[Date "2020.03.28"]
[Round "3"]
[White "Firouzja, Mohammadreza"]
[Black "Barbot, Pierre"]
[Result "0-1"]
[WhiteElo "2135"]
[BlackElo "2439"]
[PlyCount "122"]
[EventDate "2020.03.28"]
[EventType "swiss (blitz)"]
[EventRounds "9"]
[EventCountry "FRA"]
[SourceTitle "EXT 2021"]
[Source "ChessBase"]
[SourceDate "2020.10.23"]
[SourceVersion "1"]
[SourceVersionDate "2020.10.23"]
[SourceQuality "1"]

1. b3 c5 2. Bb2 Nc6 3. Nf3 d6 4. d4 cxd4 5. Nxd4 e5 6. Nxc6 bxc6 7. c4 Nf6 8. Nc3 Be7 9. g3 0-0 10. Bg2 Qc7 11. Rc1 Bg4 12. h3 Bf5 13. 0-0 Rac8 14. Qd2 Qb8 15. e4 Be6 16. f4 exf4 17. gxf4 Rcd8 18. f5 Bc8 19. Ne2 Nd7 20. Nf4 Bf6 21. Nh5 Bxb2 22. Qxb2 f6 23. Rf3 Ne5 24. Rg3 Rd7 25. Qd2 Kh8 26. Nf4 Re7 27. Rd1 Rd8 28. Qe2 a5 29. Qh5 Kg8 30. Bf1 a4 31. Rd2 axb3 32. axb3 Qa7+ 33. Kh1 Qa1 34. Rf2 Qe1 35. Qe2 Qxe2 36. Rxe2 Ra7 37. Bg2 Ra3 38. Kh2 Kf8 39. Rd2 Nf7 40. b4 Rxg3 41. Kxg3 Ke7 42. Bf1 Bd7 43. Nh5 g6 44. fxg6 hxg6 45. Nf4 Ne5 46. Ra2 Rb8 47. Rb2 g5 48. Nd3 Nxc4 49. Rc2 Ne3 50. Rf2 Be6 51. Be2 Rh8 52. Rh2 Rh4 53. Nf2 f5 54. Kf3 Nc2 55. exf5 Nd4+ 56. Ke3 Nxf5+ 57. Kd2 Rxb4 58. Rg2 Rb2+ 59. Ke1 Nd4 60. Bd3 c5 61. Rxg5 Nf3+ 0-1

[Event "Europe Echecs online op March"]
[Site "Europe Echecs INT"]
[Date "2020.03.28"]
[Round "4"]
[White "Riff, Jean Noel"]
[Black "Firouzja, Mohammadreza"]
[Result "1-0"]
[WhiteElo "2479"]
[BlackElo "2135"]
[PlyCount "115"]
[EventDate "2020.03.28"]
[EventType "swiss (blitz)"]
[EventRounds "9"]
[EventCountry "FRA"]
[SourceTitle "EXT 2021"]
[Source "ChessBase"]
[SourceDate "2020.10.23"]
[SourceVersion "1"]
[SourceVersionDate "2020.10.23"]
[SourceQuality "1"]

1. e4 e6 2. d4 d5 3. Nc3 Bb4 4. e5 c5 5. Bd2 Ne7 6. a3 cxd4 7. axb4 dxc3 8. Bxc3 0-0 9. Nf3 Ng6 10. Bd3 Nf4 11. Bf1 Nc6 12. g3 Ng6 13. h4 d4 14. Nxd4 Ngxe5 15. Nxc6 Nxc6 16. Bd3 e5 17. 0-0 Qf6 18. Re1 Nd4 19. Bxd4 exd4 20. Ra5 b6 21. Rae5 Bb7 22. Qg4 Rad8 23. Re7 Bf3 24. Qf5 Qxf5 25. Bxf5 a5 26. bxa5 bxa5 27. Ra7 Ra8 28. Rxa8 Rxa8 29. Ra1 g6 30. Bd3 Rb8 31. b3 Re8 32. Kf1 Re5 33. Ra4 Rd5 34. Ke1 Kg7 35. Kd2 Kf6 36. Rc4 h5 37. Rc7 Bg4 38. Ra7 Rc5 39. Ra6+ Be6 40. f4 Ke7 41. Ra7+ Kd6 42. Ra8 Ke7 43. Ra6 Kf6 44. Rd6 Rd5 45. Ra6 Ke7 46. Bc4 Rc5 47. Kd3 Bxc4+ 48. bxc4 Rf5 49. Kxd4 Kd7 50. c5 Kc7 51. Rxa5 Kc6 52. Ra6+ Kb5 53. Rb6+ Ka5 54. c4 f6 55. Rb5+ Ka6 56. c6 Rxb5 57. cxb5+ Kb6 58. Kd5 1-0